Normal view
MARC view
- Mao,Wenbo
Entry Personal Name
001 - CONTROL NUMBER
- control field: 21438
003 - CONTROL NUMBER IDENTIFIER
- control field: NUST
005 - DATE AND TIME OF LATEST TRANSACTION
- control field: 20190925163334.0
008 - FIXED-LENGTH DATA ELEMENTS
- fixed length control field: 190925|| aca||aabn | a|a d
040 ## - CATALOGING SOURCE
- Original cataloging agency: NUST
- Transcribing agency: NUST
100 ## - HEADING--PERSONAL NAME
- Personal name: Mao,Wenbo
670 ## - SOURCE DATA FOUND
- Source citation: Work cat.: (NUST)23893: Mao,Wenbo, Modern Cryptography Theory & Practice
